000 00658nam a2200229Ia 4500
003 OSt
005 20221005133828.0
006 a|||||r|||| 00| 0
007 ta
008 221004b |||||||| |||| 00| 0 pan d
024 _a62716
037 _cTextual
040 _aCRL
_cCRL
_bpan
041 _2pan
_apan
082 _aO153,2NNA,3, w1M6
100 _aਨਾਰੰਗ, ਸੀ. ਐਲ, ਂਚ.
245 0 _aਮਹਾਰਾਣੀ ਜਿੰਦਾ
260 _c1986
650 _aਪੰਜਾਬੀ ਸਾਹਿਤ
942 _hO153,2NNA,3, w1M6
_cTEXL
_2cc
999 _c1068007
_d1068007